The backward society

সংরক্ষণ করুন:
গ্রন্থ-পঞ্জীর বিবরন
প্রধান লেখক: Frost, Raymond
বিন্যাস: গ্রন্থ
ভাষা:Undetermined
প্রকাশিত: London Longmans 1961
বিষয়গুলি:
ট্যাগগুলো: ট্যাগ যুক্ত করুন
কোনো ট্যাগ নেই, প্রথমজন হিসাবে ট্যাগ করুন!
Thư viện lưu trữ: Trung tâm Học liệu Trường Đại học Cần Thơ
LEADER 00458nam a2200181Ia 4500
001 CTU_105035
008 210402s9999 xx 000 0 und d
082 |a 338.91 
082 |b F939 
100 |a Frost, Raymond 
245 4 |a The backward society 
245 0 |c Raymond Frost 
260 |a London 
260 |b Longmans 
260 |c 1961 
650 |a Developing countries 
904 |i Hiếu 
980 |a Trung tâm Học liệu Trường Đại học Cần Thơ